banner koha

Ocorrencia de Vibrio parahaemolyticus em camarao branco (Penaeus schmitti)em viveiros de engorda [bacteria, infeccao] (Registro n. 277494)

MARC details
000 -LÍDER
campo de controle de tamanho fixo 01172nac a22003137a 4500
001 - NÚMERO DE CONTROLE
campo de controle BR8402285
003 - IDENTIFICADOR DO NÚMERO DE CONTROLE
campo de controle BR-BrBNA
005 - DATA E HORÁRIO DA ÚLTIMA TRANSAÇÃO
campo de controle 20240105120016.0
008 - CAMPO DE DADOS FIXOS--INFORMAÇÃO GERAL
campo de controle de tamanho fixo 230509b bl.|||m| |||| 00| 0 por d
040 ## - FONTE DA CATALOGAÇÃO
Instituição da catalogação original BR-BrBNA
Idioma da catalogação por
Instituição que transcreveu o registro Biblioteca Nacional de Agricultura
072 ## - CÓDIGO DE CATEGORIA DE ASSUNTO
Código de Categoria de Assunto L73
090 ## - NÚMERO DE CHAMADA LOCAL
Número de chamada 8310 BR8402285
100 1# - ENTRADA PRINCIPAL--NOME PESSOAL
Nome pessoal Martino, R.C.
100 1# - ENTRADA PRINCIPAL--NOME PESSOAL
Nome pessoal Zamora, M.R.N.
100 1# - ENTRADA PRINCIPAL--NOME PESSOAL
Nome pessoal Liberal, M.H.T.
100 1# - ENTRADA PRINCIPAL--NOME PESSOAL
Nome pessoal Pereira, A. da C.
100 1# - ENTRADA PRINCIPAL--NOME PESSOAL
Nome pessoal Barros, G.C.
110 1# - ENTRADA PRINCIPAL--NOME CORPORATIVO
Nome corporativo ou nome da jurisdição Empresa de Pesquisa Agropecuaria do Estado do Rio de Janeiro, Niteroi (Brasil)
245 1# - TÍTULO
Título Ocorrencia de Vibrio parahaemolyticus em camarao branco (Penaeus schmitti)em viveiros de engorda [bacteria, infeccao]
246 1# - FORMA VARIANTE DO TÍTULO
Título/título abreviado [Occurrence of Vibrio parahaemolyticus in white prawn (Penaeus schmitti)in fattening nurseries [bacterium, infection]]
260 3# - PUBLICAÇÃO, DISTRIBUIÇÃO, ETC.
Local de publicação, distribuição, etc. Niteroi, RJ (Brasil):
Data da publicação, distribuição, etc. 1984.
300 ## - DESCRIÇÃO FÍSICA
Extensão 3 p.
490 ## - TÍTULO DA SÉRIE
Título da série Comunicado Tecnico - Empresa de Pesquisa Agropecuaria do Estado do Rio de Janeiro (Brazil)
Número do volume ou designação sequencial da série no. 138
ISSN - International Standard Serial Number ISSN 0100-896X
650 ## - ASSUNTO--TERMO TÓPICO
Cabeçalho tópico ou nome geográfico CAMARAO
650 ## - ASSUNTO--TERMO TÓPICO
Cabeçalho tópico ou nome geográfico BACTERIA
650 ## - ASSUNTO--TERMO TÓPICO
Cabeçalho tópico ou nome geográfico INFECCAO
909 ## -
-- 202312
-- Lúcia Elande
-- 55
-- Lúcia Elande
942 ## - ELEMENTOS DE ENTRADA ADICIONADOS (KOHA)
Fonte da classificação ou esquema de arquivamento na estante Classificação AGRIS
Ocultar no OPAC Não
Tipo de material Koha Monografia Seriada
Exemplares
Situação do descarte Fonte da classificação ou esquema de arquivamento na estante Situação física Não pode ser emprestado Coleção Biblioteca de origem Biblioteca atual Localização na estante Total de empréstimos Número de telefone completo Código de barras Data de último acesso Tipo de material Koha Fonte de aquisição
  Classificação AGRIS       Biblioteca Nacional de Agricultura - Binagri Biblioteca Nacional de Agricultura - Binagri Agrobase - Acervo Geral   8310 BR8402285 8310 BR8402285 18/12/2023 Monografia Seriada Portaria Interministerial nº 164/94

BINAGRI

Telefone: (61)3218-2567/2388/3357/2097 - binagri@agro.gov.br

Ministério da Agricultura e Pecuária , Esplanada dos Ministérios, Bloco D, Anexo B, Brasília/DF, CEP: 70.043-900